LAGOM İsveçlilerin dengeli ve mutlu yaşama sanatı (Record no. 18385)
[ view plain ]
| 000 -LEADER | |
|---|---|
| fixed length control field | 01222nmm a2200361 a 4500 |
| 001 - CONTROL NUMBER | |
| control field | ocm0001916744 |
| 003 - CONTROL NUMBER IDENTIFIER | |
| control field | TR-IsHL |
| 005 - DATE AND TIME OF LATEST TRANSACTION | |
| control field | 20201028174853.0 |
| 008 - FIXED-LENGTH DATA ELEMENTS--GENERAL INFORMATION | |
| fixed length control field | 180929s2018 tu tur |
| 007 - PHYSICAL DESCRIPTION FIXED FIELD--GENERAL INFORMATION | |
| fixed length control field | cr cn |
| 020 ## - INTERNATIONAL STANDARD BOOK NUMBER | |
| International Standard Book Number | 9786059530606 |
| 035 ## - SYSTEM CONTROL NUMBER | |
| System control number | 1916744 |
| -- | (N$T) |
| 050 04 - LIBRARY OF CONGRESS CALL NUMBER | |
| Classification number | BJ1594.5.S94 |
| Item number | B719 2018 |
| 090 04 - LOCALLY ASSIGNED LC-TYPE CALL NUMBER (OCLC); LOCAL CALL NUMBER (RLIN) | |
| Classification number (OCLC) (R) ; Classification number, CALL (RLIN) (NR) | BJ1594.5.S94 |
| Local cutter number (OCLC) ; Book number/undivided call number, CALL (RLIN) | B719 2018 |
| 100 1# - MAIN ENTRY--PERSONAL NAME | |
| Personal name | Brantmark, Niki |
| 245 10 - TITLE STATEMENT | |
| Title | LAGOM İsveçlilerin dengeli ve mutlu yaşama sanatı |
| Medium | [electronic resource] / |
| Statement of responsibility, etc. | Niki Brantmark ; editör Yusuf Yavuz ; Çeviren Şeyma Tahan |
| 250 ## - EDITION STATEMENT | |
| Edition statement | 1. Baskı |
| 260 ## - PUBLICATION, DISTRIBUTION, ETC. | |
| Place of publication, distribution, etc. | Konya : |
| Name of publisher, distributor, etc. | Salon yayınları, |
| Date of publication, distribution, etc. | 2018 |
| 300 ## - PHYSICAL DESCRIPTION | |
| Extent | 290 p. |
| 500 ## - GENERAL NOTE | |
| General note | Özgün adı; Lagom |
| 650 #4 - SUBJECT ADDED ENTRY--TOPICAL TERM | |
| Topical term or geographic name entry element | Felsefe, Psikoloji ve Din |
| 650 #4 - SUBJECT ADDED ENTRY--TOPICAL TERM | |
| Topical term or geographic name entry element | Philosophy, Psychology and Religion |
| 650 #0 - SUBJECT ADDED ENTRY--TOPICAL TERM | |
| Topical term or geographic name entry element | Kendini gerçekleştirme |
| 650 #0 - SUBJECT ADDED ENTRY--TOPICAL TERM | |
| Topical term or geographic name entry element | Self-actualization (Psychology) |
| 650 #0 - SUBJECT ADDED ENTRY--TOPICAL TERM | |
| Topical term or geographic name entry element | İş yaşamdengesi |
| 650 #0 - SUBJECT ADDED ENTRY--TOPICAL TERM | |
| Topical term or geographic name entry element | Work-life balance |
| 650 #0 - SUBJECT ADDED ENTRY--TOPICAL TERM | |
| Topical term or geographic name entry element | Mutluluk (Psikoloji) |
| 650 #0 - SUBJECT ADDED ENTRY--TOPICAL TERM | |
| Topical term or geographic name entry element | Happiness. |
| 650 #7 - SUBJECT ADDED ENTRY--TOPICAL TERM | |
| Topical term or geographic name entry element | SELF-HELP / Personal Growth / Self-Esteem |
| Source of heading or term | bisacsh |
| 700 1# - ADDED ENTRY--PERSONAL NAME | |
| Personal name | Yavuz, Yusuf |
| 700 1# - ADDED ENTRY--PERSONAL NAME | |
| Personal name | Tahan, Şeyma |
| 856 40 - ELECTRONIC LOCATION AND ACCESS | |
| Uniform Resource Identifier | <a href="http://search.ebscohost.com/login.aspx?direct=true&scope=site&db=e011xww&AN=1916744">http://search.ebscohost.com/login.aspx?direct=true&scope=site&db=e011xww&AN=1916744</a> |
No items available.
